[Event "South Island-ch"]
[Site "Dunedin"]
[Date "2020.10.09"]
[Round "7"]
[White "Diep, Denan"]
[Black "Suazo, Benedict"]
[Result "1-0"]
[WhiteElo "1787"]
[BlackElo "1797"]
[PlyCount "83"]
[EventDate "2020.10.03"]
[EventType "swiss"]
[EventRounds "7"]
[EventCountry "NZL"]
[SourceTitle "EXT 2024"]
[Source "ChessBase"]
[SourceDate "2023.10.10"]
[SourceVersion "1"]
[SourceVersionDate "2023.10.10"]
[SourceQuality "1"]

1. e4 e6 2. d4 b6 3. Bd3 Bb7 4. Ne2 c5 5. c3 c4 6. Bc2 Nf6 7. Ng3 b5 8. a3 a5 9. 0-0 a4 10. f4 d5 11. e5 Ne4 12. Nxe4 dxe4 13. f5 Qd5 14. Be3 exf5 15. Rxf5 Qe6 16. Qf1 Nc6 17. Nd2 Ne7 18. Rf2 Nd5 19. Re1 Be7 20. Nxe4 Nxe3 21. Rxe3 Rf8 22. Qe2 0-0-0 23. Nd6+ Kb8 24. Bf5 Qh6 25. Rh3 Rxd6 26. Rxh6 Rxh6 27. Be4 Bc8 28. Bf3 Rb6 29. Qe4 h6 30. Qh7 Rg6 31. Bh5 Rg5 32. Bxf7 Bb7 33. g3 Rxe5 34. dxe5 Bc5 35. e6 Rd8 36. Qc2 Rd3 37. Kf1 Re3 38. Re2 Rf3+ 39. Ke1 Bd5 40. Re5 Re3+ 41. Rxe3 Bxe3 42. Qf5 1-0

[Event "South Island-ch"]
[Site "Dunedin"]
[Date "2020.10.03"]
[Round "1"]
[White "Diep, Denan"]
[Black "Anikonov, Artem"]
[Result "1-0"]
[WhiteElo "1787"]
[BlackElo "1308"]
[PlyCount "79"]
[EventDate "2020.10.03"]
[EventType "swiss"]
[EventRounds "7"]
[EventCountry "NZL"]
[SourceTitle "EXT 2024"]
[Source "ChessBase"]
[SourceDate "2023.10.10"]
[SourceVersion "1"]
[SourceVersionDate "2023.10.10"]
[SourceQuality "1"]

1. e4 e5 2. Nf3 Nc6 3. Bb5 a6 4. Ba4 Nf6 5. d4 exd4 6. 0-0 d6 7. Re1 Be7 8. e5 dxe5 9. Nxe5 Bd7 10. Nxd7 Qxd7 11. Bxc6 bxc6 12. c3 c5 13. b3 0-0 14. Ba3 Bd6 15. Nd2 Rfe8 16. Qf3 d3 17. g3 Be7 18. Rad1 Rad8 19. Nc4 Qh3 20. Ne5 d2 21. Re2 Bd6 22. Rdxd2 Bxe5 23. Rxd8 Rxd8 24. Rxe5 Ng4 25. Re1 Qxh2+ 26. Kf1 Qh3+ 27. Qg2 Qxg2+ 28. Kxg2 h6 29. Bxc5 Rd2 30. a4 Rd3 31. Rc1 Nf6 32. b4 Ne4 33. Bd4 Nf6 34. a5 Ne4 35. b5 axb5 36. a6 Rd2 37. Ra1 b4 38. a7 bxc3 39. a8Q+ Kh7 40. Qxe4+ 1-0